[Event "Hanoi op"]
[Site "Hanoi"]
[Date "2022.08.26"]
[Round "6"]
[White "Vu, Hoang Gia Bao"]
[Black "Ngo, Duc Tri"]
[Result "0-1"]
[WhiteElo "1879"]
[BlackElo "2059"]
[PlyCount "70"]
[EventDate "2022.08.20"]
[EventType "swiss"]
[EventRounds "9"]
[EventCountry "VIE"]
[SourceTitle "CBM 209 Extra"]
[Source "ChessBase"]
[SourceDate "2022.09.30"]
[SourceVersion "1"]
[SourceVersionDate "2022.09.30"]
[SourceQuality "1"]

1. c4 e5 2. g3 Nc6 3. Nc3 g6 4. e4 Bg7 5. Bg2 d6 6. Nge2 Nge7 7. 0-0 Bg4 8. h3 Be6 9. d3 Nd4 10. Bg5 c6 11. Qc1 h6 12. Bd2 Qd7 13. Kh2 g5 14. f4 exf4 15. gxf4 f5 16. Nxd4 Bxd4 17. Be3 Bg7 18. Ne2 Ng6 19. d4 fxe4 20. Bxe4 Ne7 21. Rf3 d5 22. cxd5 Bxd5 23. Qc2 0-0-0 24. fxg5 Rde8 25. gxh6 Bxh6 26. Bxh6 Rxh6 27. Bxd5 Nxd5 28. Ng1 Ne3 29. Qd2 Qd6+ 30. Kh1 Qd5 31. Kh2 Ng4+ 32. Kg3 Re3 33. Qb4 Rf6 34. Raf1 Qg5 35. h4 Qf4+ 0-1

[Event "VIE-ch U17"]
[Site "Ho Chi Minh City"]
[Date "2022.07.14"]
[Round "6"]
[White "Vu, Hoang Gia Bao"]
[Black "Tran, Vo Quoc Bao"]
[Result "1/2-1/2"]
[WhiteElo "2264"]
[BlackElo "2270"]
[PlyCount "96"]
[EventDate "2022.07.11"]
[EventType "swiss"]
[EventRounds "9"]
[EventCountry "VIE"]
[SourceTitle "EXT 2023"]
[Source "ChessBase"]
[SourceDate "2022.10.05"]
[SourceVersion "1"]
[SourceVersionDate "2022.10.05"]
[SourceQuality "1"]

1. c4 g6 2. g3 c6 3. Nf3 d5 4. Bg2 Bg7 5. d4 Nf6 6. 0-0 0-0 7. Ne5 Be6 8. e3 Nbd7 9. Nxd7 Qxd7 10. c5 Rfe8 11. b4 a5 12. Bd2 axb4 13. Bxb4 Ne4 14. Nc3 Nxc3 15. Bxc3 Bf5 16. a4 e5 17. dxe5 Bxe5 18. Bxe5 Rxe5 19. a5 Qc7 20. Qd2 Ree8 21. Ra4 Ra7 22. Rfa1 Rea8 23. R4a3 Qc8 24. Qb4 Bh3 25. Bf3 h5 26. Be2 Qf5 27. f3 Qe6 28. Kf2 Bf5 29. Rd1 Qe7 30. Qb6 Qe8 31. Rd2 Bc8 32. Ra4 Be6 33. Rd1 Qd8 34. Rda1 Qe8 35. Bd3 Bd7 36. R1a3 Qe6 37. Bf1 Qe5 38. Rd4 Kg7 39. Be2 Qe6 40. Bf1 Qe5 41. Be2 Qe6 42. Bf1 Qe5 43. Be2 Qe6 44. Qb2 Kg8 45. Qb6 Kg7 46. Rd2 Qh3 47. Kg1 Qe6 48. Kf2 Qh3 1/2-1/2

[Event "VIE-ch U17"]
[Site "Ho Chi Minh City"]
[Date "2022.07.11"]
[Round "1"]
[White "Dang, Hoang Quy Nhan"]
[Black "Vu, Hoang Gia Bao"]
[Result "1/2-1/2"]
[WhiteElo "2274"]
[BlackElo "2264"]
[PlyCount "51"]
[EventDate "2022.07.11"]
[EventType "swiss"]
[EventRounds "9"]
[EventCountry "VIE"]
[SourceTitle "EXT 2023"]
[Source "ChessBase"]
[SourceDate "2022.10.05"]
[SourceVersion "1"]
[SourceVersionDate "2022.10.05"]
[SourceQuality "1"]

1. d4 Nf6 2. Bg5 d5 3. e3 Ne4 4. Bf4 e6 5. Nd2 Nxd2 6. Qxd2 Bd6 7. Nf3 Bxf4 8. exf4 0-0 9. Bd3 Nd7 10. 0-0 b6 11. Rfe1 Bb7 12. f5 exf5 13. Bxf5 Nf6 14. Ne5 Qd6 15. Qf4 Bc8 16. Bxc8 Raxc8 17. c3 Rce8 18. Nd3 Qxf4 19. Nxf4 c6 20. Nd3 Nd7 21. Kf1 f6 22. Rxe8 Rxe8 23. Re1 Rxe1+ 24. Kxe1 Kf7 25. Ke2 Ke6 26. Nf4+ 1/2-1/2

[Event "VIE-chT"]
[Site "Hanoi"]
[Date "2022.04.01"]
[Round "7.8"]
[White "Nguyen, Lam Thien"]
[Black "Vu, Hoang Gia Bao"]
[Result "0-1"]
[WhiteElo "2116"]
[BlackElo "1813"]
[PlyCount "100"]
[EventDate "2022.03.28"]
[EventType "swiss"]
[EventRounds "9"]
[EventCountry "VIE"]
[SourceTitle "EXT 2023"]
[Source "ChessBase"]
[SourceDate "2022.10.05"]
[SourceVersion "1"]
[SourceVersionDate "2022.10.05"]
[SourceQuality "1"]

1. e4 c5 2. Nf3 Nc6 3. Bb5 g6 4. 0-0 Bg7 5. Re1 e5 6. Bxc6 bxc6 7. d3 Ne7 8. Nbd2 0-0 9. Nc4 d6 10. Bd2 Bg4 11. h3 Bxf3 12. Qxf3 Qd7 13. Qg3 f5 14. Rad1 f4 15. Qf3 Qe6 16. Qg4 Kf7 17. Qe2 Kg8 18. Qg4 Kf7 19. Qf3 Kg8 20. Bc3 h5 21. a3 Kh7 22. b4 cxb4 23. axb4 Ng8 24. Na5 Nf6 25. d4 Rfe8 26. dxe5 dxe5 27. Nb3 g5 28. Nc5 Qe7 29. Qd3 Red8 30. Qc4 g4 31. Qe6 Qxe6 32. Nxe6 Rxd1 33. Rxd1 Nxe4 34. Bb2 Re8 35. Nxg7 Kxg7 36. hxg4 hxg4 37. Re1 Nf6 38. Rxe5 Kg6 39. Kf1 Rxe5 40. Bxe5 Nd5 41. Bd4 Kf5 42. c4 Nb6 43. Bc5 Nxc4 44. Bxa7 Ke4 45. Bb8 Nb2 46. Bd6 Nd3 47. Ke2 f3+ 48. gxf3+ gxf3+ 49. Kf1 Kd5 50. Bf8 Kc4 0-1

[Event "VIE-ch"]
[Site "Tinh Bac Giang"]
[Date "2022.02.28"]
[Round "9"]
[White "Nguyen, Hoang Duc"]
[Black "Vu, Hoang Gia Bao"]
[Result "1/2-1/2"]
[WhiteElo "2158"]
[BlackElo "1813"]
[PlyCount "41"]
[EventDate "2022.02.28"]
[EventType "swiss"]
[EventRounds "9"]
[EventCountry "VIE"]
[SourceTitle "CBM 207 Extra"]
[Source "ChessBase"]
[SourceDate "2022.05.31"]
[SourceVersion "1"]
[SourceVersionDate "2022.05.31"]
[SourceQuality "1"]

1. d4 Nf6 2. c4 g6 3. Nc3 Bg7 4. e4 d6 5. h3 0-0 6. Be3 e5 7. d5 Nbd7 8. g4 Nc5 9. f3 Ne8 10. Qd2 a5 11. g5 f5 12. h4 f4 13. Bf2 h5 14. gxh6 Bxh6 15. Nh3 Nf6 16. Rg1 Kg7 17. Bxc5 dxc5 18. Qg2 Qe8 19. Nb5 Bxh3 20. Qxh3 Qf7 21. Qg2 1/2-1/2

[Event "VIE-ch"]
[Site "Tinh Bac Giang"]
[Date "2022.02.28"]
[Round "6"]
[White "Vu, Hoang Gia Bao"]
[Black "Doan, Van Duc"]
[Result "1/2-1/2"]
[WhiteElo "1813"]
[BlackElo "2127"]
[PlyCount "49"]
[EventDate "2022.02.28"]
[EventType "swiss"]
[EventRounds "9"]
[EventCountry "VIE"]
[SourceTitle "CBM 207 Extra"]
[Source "ChessBase"]
[SourceDate "2022.05.31"]
[SourceVersion "1"]
[SourceVersionDate "2022.05.31"]
[SourceQuality "1"]

1. c4 e5 2. g3 Nf6 3. Bg2 Bc5 4. Nc3 0-0 5. e3 Re8 6. Nge2 d6 7. d4 Bb6 8. 0-0 c6 9. dxe5 dxe5 10. b3 Qe7 11. Qc2 Nbd7 12. Rd1 a5 13. a3 Nf8 14. Na4 Bc7 15. Bd2 e4 16. b4 Bg4 17. Bc3 Ng6 18. h3 Bf3 19. Bxf3 exf3 20. Nd4 Ne4 21. Nxf3 b5 22. Nb2 Nxg3 23. fxg3 Qxe3+ 24. Kg2 Bxg3 25. Bd4 1/2-1/2

[Event "Eastern Asia-ch U16"]
[Site "Tornelo INT"]
[Date "2021.10.30"]
[Round "4"]
[White "Amarathunga, Kosala Sandeepa Cha"]
[Black "Vu, Hoang Gia Bao"]
[Result "0-1"]
[WhiteElo "1071"]
[BlackElo "1737"]
[PlyCount "98"]
[EventDate "2021.10.29"]
[EventType "swiss"]
[EventRounds "9"]
[EventCountry "NET"]
[SourceTitle "CBM 205 Extra"]
[Source "ChessBase"]
[SourceDate "2022.01.31"]
[SourceVersion "1"]
[SourceVersionDate "2022.01.31"]
[SourceQuality "1"]

1. e4 c5 2. Nf3 Nc6 3. Bb5 g6 4. c3 Bg7 5. 0-0 e5 6. Re1 Nge7 7. d3 0-0 8. Be3 d6 9. Nbd2 b6 10. Bg5 Qc7 11. Nf1 h6 12. Be3 d5 13. exd5 Nxd5 14. Bd2 Bb7 15. Ng3 a6 16. Bc4 Rad8 17. Qc1 Kh7 18. Re4 Nf4 19. Bxf4 exf4 20. Rxf4 b5 21. Bb3 Rxd3 22. Rh4 Qd8 23. Bc2 Rxf3 24. Re4 Rf6 25. Nh5 Re6 26. Rf4 Kg8 27. Nxg7 Kxg7 28. h3 Ne5 29. Qf1 Qg5 30. g3 Nf3+ 31. Rxf3 Bxf3 32. Kh2 Qe5 33. Qg1 Rd8 34. Rc1 Rd2 35. Bb1 Qe2 36. Rf1 Rd1 37. Rxd1 Qxd1 38. Qxd1 Bxd1 39. Bd3 c4 40. Bf1 Re1 41. Bg2 Re2 42. Kg1 Rxb2 43. Bb7 Rxa2 44. Kf1 Bc2 45. Kg2 f5 46. Kf1 Bd3+ 47. Ke1 b4 48. cxb4 c3 49. Bd5 Ra1# 0-1

[Event "Eastern Asia-ch U16"]
[Site "Tornelo INT"]
[Date "2021.10.30"]
[Round "6"]
[White "Vu, Hoang Gia Bao"]
[Black "Hisham, Nik Emer"]
[Result "1-0"]
[WhiteElo "1737"]
[BlackElo "1535"]
[PlyCount "47"]
[EventDate "2021.10.29"]
[EventType "swiss"]
[EventRounds "9"]
[EventCountry "NET"]
[SourceTitle "CBM 205 Extra"]
[Source "ChessBase"]
[SourceDate "2022.01.31"]
[SourceVersion "1"]
[SourceVersionDate "2022.01.31"]
[SourceQuality "1"]

1. c4 f5 2. Nf3 Nf6 3. g3 b6 4. Bg2 Bb7 5. d4 e6 6. 0-0 c5 7. Nc3 d6 8. e4 cxd4 9. Nxd4 Qd7 10. exf5 Bxg2 11. Kxg2 e5 12. Qf3 d5 13. Re1 Bc5 14. Rxe5+ Kf7 15. Nxd5 Nc6 16. Nxc6 Qxc6 17. Bg5 Rhe8 18. Rae1 Bd4 19. Re7+ Rxe7 20. Rxe7+ Kg8 21. Bxf6 Bxf6 22. Nxf6+ Qxf6 23. Qxa8+ Qf8 24. Re8 1-0

[Event "Eastern Asia-ch U16"]
[Site "Tornelo INT"]
[Date "2021.10.29"]
[Round "3"]
[White "Vu, Hoang Gia Bao"]
[Black "Vo, Pham Thien Phuc"]
[Result "0-1"]
[WhiteElo "1737"]
[BlackElo "1880"]
[PlyCount "88"]
[EventDate "2021.10.29"]
[EventType "swiss"]
[EventRounds "9"]
[EventCountry "NET"]
[SourceTitle "CBM 205 Extra"]
[Source "ChessBase"]
[SourceDate "2022.01.31"]
[SourceVersion "1"]
[SourceVersionDate "2022.01.31"]
[SourceQuality "1"]

1. c4 g6 2. g3 Bg7 3. Bg2 d6 4. Nc3 c5 5. e4 Nc6 6. Nge2 e5 7. 0-0 Nge7 8. a3 a6 9. Rb1 Rb8 10. b4 cxb4 11. axb4 b5 12. cxb5 axb5 13. d3 0-0 14. Qb3 Be6 15. Nd5 Qd7 16. Bg5 f6 17. Be3 f5 18. Rfc1 Bf7 19. Nec3 Rfc8 20. Qd1 Nd4 21. Nxe7+ Qxe7 22. Nd5 Qb7 23. Bxd4 exd4 24. Nf4 Qe7 25. exf5 gxf5 26. Rc6 Rxc6 27. Bxc6 Qe5 28. Qf3 Bh6 29. Kf1 Bxf4 30. gxf4 Qf6 31. Bd5 Rc8 32. Ra1 Kh8 33. Ra7 Bg6 34. Qe2 Qh4 35. Kg2 Qxf4 36. h3 Qg5+ 37. Kh2 Rc1 38. Ra8+ Kg7 39. Ra7+ Kh6 40. h4 Qxh4+ 41. Kg2 Qh1+ 42. Kg3 Rg1+ 43. Kf4 Qh2+ 44. Kf3 Bh5# 0-1

[Event "VIE Cup"]
[Site "Hanoi"]
[Date "2021.??.??"]
[Round "3"]
[White "Vu, Hoang Gia Bao"]
[Black "Tran, Ngoc Lan"]
[Result "1/2-1/2"]
[WhiteElo "1813"]
[BlackElo "2189"]
[PlyCount "56"]
[EventDate "2021.05.03"]
[EventType "swiss"]
[EventRounds "9"]
[EventCountry "VIE"]
[SourceTitle "EXT 2022"]
[Source "ChessBase"]
[SourceDate "2021.10.06"]
[SourceVersion "1"]
[SourceVersionDate "2021.10.06"]
[SourceQuality "1"]

1. c4 e5 2. g3 g6 3. Bg2 Bg7 4. Nc3 d6 5. e4 c5 6. d3 Nc6 7. Nge2 Nge7 8. 0-0 0-0 9. Nd5 Be6 10. Bg5 h6 11. Be3 Nd4 12. Qd2 Nxe2+ 13. Qxe2 Bxd5 14. cxd5 Kh7 15. a3 a5 16. b4 cxb4 17. axb4 a4 18. b5 Qd7 19. Qb2 Ra5 20. Rfb1 Rfa8 21. Ra3 Nc8 22. Bd2 R5a7 23. Bf3 Bf6 24. Be3 Ra5 25. Bd2 R5a7 26. Be3 Ra5 27. Bd2 R5a7 28. Be3 Ra5 1/2-1/2

[Event "VIE-ch op"]
[Site "Hanoi"]
[Date "2020.11.27"]
[Round "7"]
[White "Dinh, Nho Kiet"]
[Black "Vu, Hoang Gia Bao"]
[Result "1-0"]
[WhiteElo "2322"]
[BlackElo "2323"]
[PlyCount "79"]
[EventDate "2020.11.23"]
[EventType "swiss"]
[EventRounds "9"]
[EventCountry "VIE"]
[SourceTitle "CBM 199 Extra"]
[Source "ChessBase"]
[SourceDate "2021.01.31"]
[SourceVersion "1"]
[SourceVersionDate "2021.01.31"]
[SourceQuality "1"]

1. d4 Nf6 2. c4 g6 3. Nc3 Bg7 4. e4 d6 5. Be2 0-0 6. Bg5 c5 7. d5 e6 8. Qd2 exd5 9. exd5 Nbd7 10. Nf3 Re8 11. 0-0 Nf8 12. Rfe1 Qb6 13. Bd3 Bg4 14. Nh4 h5 15. h3 Bd7 16. Bf4 a6 17. Nf3 N8h7 18. Qc2 Rad8 19. Nd2 Kh8 20. Nde4 Bf5 21. f3 Bxe4 22. Bxe4 Nd7 23. g4 hxg4 24. hxg4 Bd4+ 25. Kg2 Ne5 26. b3 Kg7 27. Rh1 Rh8 28. Bh6+ Kg8 29. Rae1 Nf6 30. Ne2 Re8 31. Ng3 Qa5 32. Bd2 Qc7 33. Rxh8+ Kxh8 34. Rh1+ Kg8 35. g5 Nh7 36. f4 Qe7 37. fxe5 Bxe5 38. Bxg6 Nxg5 39. Bh7+ Kf8 40. Qf5 1-0

[Event "VIE-ch U15"]
[Site "Hanoi"]
[Date "2020.??.??"]
[Round "7"]
[White "Hoang, Quoc Khanh"]
[Black "Vu, Hoang Gia Bao"]
[Result "1-0"]
[WhiteElo "1650"]
[BlackElo "1760"]
[PlyCount "65"]
[EventDate "2020.10.22"]
[EventType "tourn"]
[EventRounds "7"]
[EventCountry "VIE"]
[SourceTitle "EXT 2022"]
[Source "ChessBase"]
[SourceDate "2021.10.06"]
[SourceVersion "1"]
[SourceVersionDate "2021.10.06"]
[SourceQuality "1"]

1. d4 Nf6 2. Bg5 g6 3. Nd2 d5 4. Ngf3 Bg7 5. e3 0-0 6. Bd3 Re8 7. 0-0 Nbd7 8. c4 c6 9. Qb3 Qb6 10. cxd5 Qxb3 11. Nxb3 Nxd5 12. e4 Nb4 13. Bc4 e5 14. Bd2 Nc2 15. Rac1 Nxd4 16. Ng5 Rf8 17. Bb4 b5 18. Nxd4 c5 19. Nxb5 cxb4 20. Nxf7 Nb6 21. Bb3 Ba6 22. Nbd6 Bxf1 23. Nh6+ Kh8 24. Ndf7+ Rxf7 25. Nxf7+ Kg8 26. Kxf1 Kf8 27. Rc7 Bf6 28. Nh6 Be7 29. Ng4 Ke8 30. Ke2 h5 31. Ne3 a5 32. Rc6 Nd7 33. Nd5 1-0

[Event "VIE-ch U15"]
[Site "Hanoi"]
[Date "2020.??.??"]
[Round "2"]
[White "Le, Huy Hai"]
[Black "Vu, Hoang Gia Bao"]
[Result "1/2-1/2"]
[WhiteElo "2311"]
[BlackElo "1760"]
[PlyCount "63"]
[EventDate "2020.10.22"]
[EventType "tourn"]
[EventRounds "7"]
[EventCountry "VIE"]
[SourceTitle "EXT 2022"]
[Source "ChessBase"]
[SourceDate "2021.10.06"]
[SourceVersion "1"]
[SourceVersionDate "2021.10.06"]
[SourceQuality "1"]

1. c4 Nf6 2. Nc3 g6 3. g3 Bg7 4. Bg2 0-0 5. d4 d6 6. e4 Nbd7 7. Nge2 e5 8. d5 Nb6 9. b3 Ne8 10. 0-0 f5 11. f4 fxe4 12. fxe5 Rxf1+ 13. Qxf1 Bxe5 14. Bf4 Qe7 15. Bxe5 Qxe5 16. Qf4 Qxf4 17. Nxf4 Nf6 18. Nb5 Ne8 19. Re1 Bd7 20. Nc3 Nf6 21. Nxe4 Nxe4 22. Rxe4 Rf8 23. Bh3 Rxf4 24. gxf4 Bxh3 25. Re7 Nd7 26. Re8+ Kf7 27. Rc8 a5 28. Rxc7 b6 29. Kf2 Ke7 30. a3 Bf5 31. Ke3 Bc2 32. b4 1/2-1/2

[Event "VIE-ch U15"]
[Site "Hanoi"]
[Date "2020.??.??"]
[Round "4"]
[White "Tran, Quoc Phu"]
[Black "Vu, Hoang Gia Bao"]
[Result "0-1"]
[WhiteElo "1819"]
[BlackElo "1760"]
[PlyCount "70"]
[EventDate "2020.10.22"]
[EventType "tourn"]
[EventRounds "7"]
[EventCountry "VIE"]
[SourceTitle "EXT 2022"]
[Source "ChessBase"]
[SourceDate "2021.10.06"]
[SourceVersion "1"]
[SourceVersionDate "2021.10.06"]
[SourceQuality "1"]

1. e4 c5 2. Nf3 Nc6 3. d4 cxd4 4. Nxd4 g6 5. c4 Bg7 6. Be3 Nf6 7. Nc3 Ng4 8. Qxg4 Nxd4 9. Qd1 Ne6 10. Be2 Bxc3+ 11. bxc3 b6 12. Qd5 Ba6 13. f4 Rc8 14. f5 Nc5 15. 0-0 Bb7 16. Qd4 Rg8 17. Bf3 Qc7 18. Rad1 d6 19. fxg6 hxg6 20. e5 dxe5 21. Qh4 Bxf3 22. Rxf3 Nd7 23. Qh7 Rf8 24. Bh6 Nf6 25. Rxf6 exf6 26. Bxf8 Kxf8 27. Rf1 Ke7 28. Qh4 Qd6 29. Kh1 Qe6 30. Qe4 Qxc4 31. Qb7+ Rc7 32. Qf3 Qc6 33. Qf2 Rd7 34. Qe3 Qd5 35. h3 Qxa2 0-1

[Event "VIE-chT"]
[Site "Ho Chi Minh City"]
[Date "2019.10.02"]
[Round "9.10"]
[White "Nguyen, Hoang Duc"]
[Black "Vu, Hoang Gia Bao"]
[Result "0-1"]
[WhiteElo "2117"]
[BlackElo "1758"]
[PlyCount "26"]
[EventDate "2019.09.26"]
[EventType "team-swiss"]
[EventRounds "9"]
[EventCountry "VIE"]
[SourceTitle "EXT 2020"]
[Source "ChessBase"]
[SourceDate "2019.10.17"]
[SourceVersion "1"]
[SourceVersionDate "2019.10.17"]
[SourceQuality "1"]

1. f4 d5 2. Nf3 c5 3. g3 Nc6 4. Bg2 g6 5. 0-0 Bg7 6. d3 Nf6 7. Qe1 d4 8. e4 dxe3 9. Bxe3 Nd5 10. Bxc5 Bxb2 11. Nbd2 Bxa1 12. Qxa1 f6 13. Re1 0-0 0-1

[Event "VIE-chT"]
[Site "Ho Chi Minh City"]
[Date "2019.09.29"]
[Round "5.13"]
[White "Vu, Hoang Gia Bao"]
[Black "Nguyen, Tuan Loc"]
[Result "1/2-1/2"]
[WhiteElo "1758"]
[BlackElo "2208"]
[PlyCount "75"]
[EventDate "2019.09.26"]
[EventType "team-swiss"]
[EventRounds "9"]
[EventCountry "VIE"]
[SourceTitle "EXT 2020"]
[Source "ChessBase"]
[SourceDate "2019.10.17"]
[SourceVersion "1"]
[SourceVersionDate "2019.10.17"]
[SourceQuality "1"]

1. g3 d5 2. Nf3 Nf6 3. Bg2 Bf5 4. 0-0 e6 5. d3 Be7 6. Nbd2 0-0 7. Nh4 Bg4 8. h3 Bh5 9. g4 Bg6 10. e4 dxe4 11. dxe4 c6 12. Qe2 Nbd7 13. Nxg6 hxg6 14. e5 Nd5 15. c4 Nf4 16. Qe4 Nxg2 17. Kxg2 Nc5 18. Qe3 Qd3 19. Qxd3 Nxd3 20. Nf3 Bc5 21. b3 Rad8 22. Be3 Rd7 23. Rfd1 Bxe3 24. fxe3 Rfd8 25. Rg1 f6 26. Kf1 fxe5 27. Ke2 a5 28. Ng5 Nc5 29. Rgd1 Rxd1 30. Rxd1 Rxd1 31. Kxd1 Kf8 32. Kd2 Ke7 33. Kc3 Kf6 34. Nh7+ Ke7 35. Ng5 b6 36. Kc2 Kf6 37. Nh7+ Ke7 38. Ng5 1/2-1/2

[Event "VIE-ch U20"]
[Site "Hai Phong"]
[Date "2018.07.11"]
[Round "5"]
[White "Vu, Hoang Gia Bao"]
[Black "Pham, Quang Hung"]
[Result "1/2-1/2"]
[WhiteElo "1735"]
[BlackElo "1750"]
[PlyCount "50"]
[EventDate "2018.07.07"]
[EventType "swiss"]
[EventRounds "7"]
[EventCountry "VIE"]
[SourceTitle "EXT 2019"]
[Source "ChessBase"]
[SourceDate "2018.10.10"]
[SourceVersion "1"]
[SourceVersionDate "2018.10.10"]
[SourceQuality "1"]

1. g3 d5 2. Nf3 c5 3. Bg2 Nc6 4. d4 e6 5. 0-0 Nf6 6. c4 Be7 7. cxd5 Nxd5 8. dxc5 0-0 9. Nd4 Nxd4 10. Qxd4 Qc7 11. Bxd5 Bxc5 12. Qc3 exd5 13. Be3 Bd6 14. Bd4 f6 15. Qxc7 Bxc7 16. Nc3 Rd8 17. Nb5 Ba5 18. Nxa7 Bd7 19. Rfc1 Re8 20. e3 Re6 21. a4 Ra6 22. Nb5 Bd2 23. Rd1 Bxb5 24. Rxd2 Rxa4 25. Rxa4 Rxa4 1/2-1/2

[Event "VIE Cup"]
[Site "Bac Giang"]
[Date "2018.06.01"]
[Round "4"]
[White "Le, Nguyen Khoi Nguyen"]
[Black "Vu, Hoang Gia Bao"]
[Result "1/2-1/2"]
[WhiteElo "1970"]
[BlackElo "1642"]
[PlyCount "83"]
[EventDate "2018.05.30"]
[EventType "swiss"]
[EventRounds "9"]
[EventCountry "VIE"]
[SourceTitle "CBM 184 Extra"]
[Source "ChessBase"]
[SourceDate "2018.06.28"]
[SourceVersion "1"]
[SourceVersionDate "2018.06.28"]
[SourceQuality "1"]

1. d4 d5 2. Nc3 Nf6 3. Bg5 g6 4. f3 Bg7 5. Qd2 c6 6. e4 h6 7. Bf4 dxe4 8. fxe4 Ng4 9. e5 h5 10. h3 Nh6 11. Nf3 Nd7 12. Ne4 Nb6 13. c4 Be6 14. b3 Nf5 15. Nc5 Qc8 16. Bd3 Bh6 17. Kf2 Bxf4 18. Qxf4 Ng7 19. g4 Nd7 20. Ne4 Qc7 21. Nc3 Nb6 22. a4 a5 23. Be4 f5 24. gxf5 Bxf5 25. Bxf5 Nxf5 26. Rag1 0-0-0 27. Ke2 Rhf8 28. Qe4 Qd7 29. c5 Nd5 30. Nxd5 Qxd5 31. Qxd5 Rxd5 32. Rxg6 Nxd4+ 33. Nxd4 Rxd4 34. Rg5 Re4+ 35. Kd3 Rb4 36. Rxh5 Rf3+ 37. Ke2 Rfxb3 38. Rd1 Rxa4 39. Rh8+ Kc7 40. Rhd8 Ra2+ 41. Kf1 Rf3+ 42. Kg1 1/2-1/2

[Event "VIE-ch"]
[Site "Ho Chi Minh City"]
[Date "2018.04.27"]
[Round "2"]
[White "Nguyen, Duc Hoa"]
[Black "Vu, Hoang Gia Bao"]
[Result "1/2-1/2"]
[WhiteElo "2452"]
[BlackElo "1642"]
[PlyCount "71"]
[EventDate "2018.04.27"]
[EventType "swiss"]
[EventRounds "9"]
[EventCountry "VIE"]
[SourceTitle "CBM 184 Extra"]
[Source "ChessBase"]
[SourceDate "2018.06.28"]
[SourceVersion "1"]
[SourceVersionDate "2018.06.28"]
[SourceQuality "1"]

1. e4 c5 2. Nf3 Nc6 3. Nc3 g6 4. d4 cxd4 5. Nxd4 Bg7 6. Be3 Nf6 7. Bc4 0-0 8. Bb3 Ng4 9. Qxg4 Nxd4 10. Qd1 Nxb3 11. axb3 a6 12. Nd5 d6 13. Bb6 Qd7 14. Bd4 e5 15. Be3 Qg4 16. Qxg4 Bxg4 17. f3 Be6 18. 0-0-0 Rad8 19. Rd3 f5 20. h3 f4 21. Bf2 Bxd5 22. Rxd5 Rfe8 23. Kd2 Kf7 24. b4 Ke6 25. c4 Rc8 26. Kd3 Bf8 27. Ra1 Rc7 28. b5 Ra8 29. Bb6 Rxc4 30. Rxa6 Rcc8 31. Ra3 Rxa3+ 32. bxa3 Ra8 33. Kc2 Rxa3 34. Kb2 Ra4 35. Kb3 Ra1 36. Kb2 1/2-1/2